| 000 | 01277nas a2200421 i 4500 | ||
|---|---|---|---|
| 001 | 193155 | ||
| 003 | SpMaBN | ||
| 005 | 20250217134939.0 | ||
| 007 | ta | ||
| 008 | 900131d19811983sp mr p 0uuub0spa | ||
| 010 |
_ac _b2 |
||
| 016 | 7 |
_abiseBNE19940245517 _2SpMaBN _zBNR02396 |
|
| 017 |
_aM 35338-1981 _bOficina Depósito Legal Madrid |
||
| 022 | 0 | _a0212-5331 | |
| 035 | _a(OCoLC)436537777 | ||
| 035 | _abise0000022890 | ||
| 037 |
_bMontesquinza, 24, 28024 _c200 pta fasc. |
||
| 040 |
_aSpMaBN _bspa _cSIC _erdc _dES-MaACL |
||
| 080 | _a(051) | ||
| 210 | 0 | _aNuevo índice | |
| 222 | 0 | _aNuevo índice | |
| 245 | 0 | 0 | _aNuevo índice |
| 260 |
_aMadrid : _bNuevo Índice, _c1981- |
||
| 300 |
_av. ; _c30 cm |
||
| 310 | _aMensual | ||
| 336 |
_2isbdcontent _aTexto (visual) |
||
| 337 |
_2isbdmedia _asin mediación |
||
| 362 | 0 | _aN. 0 (sept. 1981)- | |
| 362 | 1 | _aCesó en 1983 | |
| 500 | _aTít. tomado de la cub. | ||
| 780 | 0 | 0 |
_wbise0000084480 _tÍndice (Madrid. 1964) _x0019-6975 |
| 852 |
_aES-MaACL _9200506 _jHEM-H-198 _cHEM _zRevista: Viva |
||
| 856 | 4 | _y | |
| 866 |
_o1981-1982 _zUltimo numero recibido Nº 8 (1982) |
||
| 942 |
_2udc _n0 _cPERIODICA |
||
| 955 | _bOrex Digital | ||
| 999 |
_c193155 _d193155 |
||